Sites UNESCO de France - Mort subite - Statistiques

Statistiques générales
  • Ce quiz a été pris 87 fois
  • Le résultat moyen est 6 sur 18
Answers on the Grid
Answers color-coded by a green-red scale on the quiz's grid according to % correct below.
Basilique de Vézelay
Le Havre reconstruit par Auguste Perret
Citadelle de Besançon
Pont du Gard
Places Stanislas, de la Carrière et d'Alliance à Nancy
Cathédrale d'Amiens
Mégalithes de Carnac
Château de Chambord
Château de Chenonceau
Pitons, cirques et remparts de l'île de La Réunion
Canal du Midi
Maison carrée de Nîmes
Les climats du vignoble de Bourgogne
Mont Saint-Michel et sa baie
Grotte ornée du Pont d'Arc, dite grotte Chauvet-Pont d'Arc
De la grande saline de Salins-les-Bains à la saline royale d'Arc-et-Senans, la production du sel ignigène
Nice, la ville de la villégiature d'hiver de riviera
Coteaux, maisons et caves de Champagne
Abbaye de Cluny
Viaduc du Garabit
De la tour Montparnasse à la Grande Arche, le modernisme parisien
Rade de Marseille
La vallé de la Loue et les sites de Gustave Courbet
Parc national de la Vanoise
Gare impériale de Metz
Sites du bagne de Cayenne
Les plages du débarquement
La Normandie médiévale de Guillaume, de Falaise à Dives-sur-Mer
D'Aigues-Mortes à la Grande Motte, les villes nouvelles de France méridionale
Le circuit des 24h, au Mans
Château des ducs de Bretagne
Palais des ducs d'Aquitaine à Poitiers
Base sous-marine de Saint-Nazaire
Centre-ville de Saint-Malo
Bassin minier du Forez
Palais des rois de Majorque à Perpignan
 
Statistiques - réponses
Réponse % Correct
Mont Saint-Michel et sa baie
48%
Pont du Gard
47%
Canal du Midi
42%
Cathédrale d'Amiens
40%
Les climats du vignoble de Bourgogne
37%
Maison carrée de Nîmes
35%
Places Stanislas, de la Carrière et d'Alliance à Nancy
33%
Basilique de Vézelay
32%
De la grande saline de Salins-les-Bains à la saline royale d'Arc-et-Senans, la production du sel ignigène
32%
Le Havre reconstruit par Auguste Perret
32%
Nice, la ville de la villégiature d'hiver de riviera
32%
Mégalithes de Carnac
30%
Coteaux, maisons et caves de Champagne
28%
Château de Chambord
27%
Pitons, cirques et remparts de l'île de La Réunion
27%
Château de Chenonceau
25%
Grotte ornée du Pont d'Arc, dite grotte Chauvet-Pont d'Arc
25%
Citadelle de Besançon
13%
Aucun quiz correspondant
Distribution des résultats
% des personnes avec chaque résultat
Percentile par nombre de réponses
Votre historique - résultats
Vous n’avez pas pris ce quiz